| 000 | 00634cab a2200181 4500 | ||
|---|---|---|---|
| 001 | L129444 | ||
| 008 | 050420n2005 000 0 eng u | ||
| 035 | _a(Sirsi) u129444 | ||
| 041 | _aeng | ||
| 100 | _aPearson, David | ||
| 245 | _aLiaison and communication | ||
| 260 | _c2005 | ||
| 490 |
_aFacilities Management _v12(7) April 2005, 20-21(2) |
||
| 520 | _aHighlights the importance of clear communication throughout the supply chain and collaboration between all parties following the outbreak of legionnaires' disease in Barrow-in-Furness. | ||
| 590 | _aIKA290405 | ||
| 690 | _aMANAGEMENT-FACILITIES MANAGEMENT | ||
| 942 | _n0 | ||
| 999 |
_c75108 _d75108 |
||